00920 a2200169 45000010006000000050017000060080041000230030015000640400040000790800098001192450095002170200022003122640033003343000019003675050342003861000022007285459320260407155820.0260407a2007 arg spa dAR-UNSa-BCEJYS aAR-UNSa-BCEJYSbspacAR-UNSa-BCEJYS a316.334.3xSociología de subsistemas e instituciones políticas. Sociología política 10aRousseau: su crítica social y su propuesta políticap(una lectura actual y libertaria) a978-987-03-1005-1 1aBuenos Aires :bLa Leyc2007 a120 p.c24 cm. aI. Introducción - II. Discurso sobre las ciencias y las artes (Primer discurso) - III. Discurso sobre el origen de la desigualdad entre los hombres (Segundo discurso) - IV. Ensayo sobre el origen de las lenguas - V. Carta a M. D'alembert (Sobre los espectáculos) - VI. Las cartas morales (Cartas a Sofía) - VII. El contrato social 1 aD'Auria, Aníbal